Estadísticas para Países más grandes sin desierto

Haz click aquí para intentar la prueba.

Estadísticas generales

  • Esta prueba ha sido intentada 1.447 veces
  • La puntuación promedio es 13 de 20

Estadísticas de respuestas

Área (km²)ContinentePaís% Correcto
8 515 767AméricaBrasil
97%
640 679EuropaFrancia
86%
357 114EuropaAlemania
85%
2 344 858ÁfricaRepública Democrática
del Congo
85%
342 000ÁfricaRepública del Congo
83%
1 910 931AsiaIndonesia
80%
603 500EuropaUcrania
74%
377 930AsiaJapón
70%
450 295EuropaSuecia
69%
513 120AsiaTailandia
67%
331 212AsiaVietnam
65%
462 840OceaníaPapúa Nueva Guinea
64%
338 424EuropaFinlandia
62%
945 087ÁfricaTanzania
61%
330 803AsiaMalasia
58%
676 578AsiaMyanmar
56%
406 752AméricaParaguay
51%
752 612ÁfricaZambia
51%
622 984ÁfricaRepública Centroafricana
47%
619 745ÁfricaSudán del Sur
34%

Distribución de puntuación

Porcentaje por número respondido

Porcentaje de gente con cada puntuación

Historial de tus puntuaciones

No has intentado esta prueba.